| 000 | 00654nam a22002057a 4500 | ||
|---|---|---|---|
| 003 | OSt | ||
| 005 | 20260414025457.0 | ||
| 008 | 260414b |||||||| |||| 00| 0 eng d | ||
| 020 | _a1-4188-3634-6. | ||
| 040 |
_aDWC-Main lib _cOC |
||
| 082 |
_24th edition _aCirc. 005.115 F245p 2006 |
||
| 100 | _aFarell, Joyce | ||
| 245 |
_aProgramming logic and design : _bintroductory 4th ed. _cJoyce Farell |
||
| 260 |
_aMass. : _bThomson Course Technology, _cc2006. |
||
| 300 |
_axvi, 360 pages : _billusttration ; _c23 cm. |
||
| 504 | _aIncludes index. | ||
| 650 | _a1. Logic design. | ||
| 650 | _a2. Logic Programming. | ||
| 942 |
_2ddc _cBK-CIRC _e4th ed. _kCirc. _n0 |
||
| 999 |
_c9383 _d9383 |
||